000 00400nam a2200133Ia 4500
008 231129s2014||||xx |||||||||||||| ||spa||
020 _a978-958-753-198-5
040 _bspa
082 _aCo862 D278de
245 0 _aDe la palabra a la escena) : becas de dramaturgia teatral
260 _c2014
264 _aBogotá Colombia : Ministerio de Cultura
942 _2ddc
_cBKS
999 _c8775
_d8775